000 00343 a2200157 4500
001 187593
020 _a85-10-04638-1
040 _cMagnum
100 _aCasasanta, Therezinha
240 1 0 _aO canguruzinho fujão
_lpor
245 1 0 _aO canguruzinho fujão
300 _a23
362 0 _a2013
697 _aLITERATURA INFANTIL
942 _cBK
999 _c187593
_d187593